000 00578nam a2200169Ia 4500
005 20250923145134.0
008 008 250917s9999 xx 000 0 eng d
037 _aReports
040 _aDSWL
_beng
_cDSWL
041 _aeng
_2eng
084 _aX8(J).252'N62t4, N64
_qDSWL
245 0 _aReport of Joint study team Uttar Prade Gazipur, Azamgarh, Deoria, Jaunpur-1964
_cby Manager of Publication
260 _aDelhi
_bManager of Publication
_c1964
300 _axii,718p.
942 _cREP
_hX8(J).252'N62t4, N64
999 _c1447623
_d1447623